Berliner Messe

Αποθηκεύτηκε σε:
Λεπτομέρειες βιβλιογραφικής εγγραφής
Κύριοι συγγραφείς: Part, Arvo (Συνθέτης), Harrison, Lou, 1917-2003 (Συνθέτης)
Μορφή: CD Ηχητικό
Γλώσσα:English
Δημοσίευση: New York : Koch International Classics, 1993.
Θέματα:
Ετικέτες: Προσθήκη ετικέτας
Δεν υπάρχουν, Καταχωρήστε ετικέτα πρώτοι!

MARC

LEADER 00000cjm a2200000 i 4500
001 1/47828
007 sd fs|gn||m|ed
008 070708s1993 us ||| eng||
028 0 1 |a 3-7177-2Η1  |b Koch International Classics 
035 |l 10088747 
040 |a GR-MyUA  |b gre  |e AACR2 
041 0 |d eng 
082 0 |a 782.3232   |2 (22η εκδ.) 
100 1 |a Part, Arvo,  |e cmp 
245 1 0 |a Berliner Messe  |h [ηχογράφηση] /   |c Arvo Part. Mass to St. Anthony ; Lou Harrison.  
260 |a New York :   |b Koch International Classics,   |c 1993.  
300 |a 1 δίσκος CD (50λ, 04 δευτ.) :   |b ψηφιακός, στέρεο ;   |c 4 3/4 iv 
511 0 |a LeaAnne DenBeste, soprano; Laura Crockett, alto; David Vanderwal, tenor (Part); Karl Blume, bass (Part); Marianne Lewis, organ (Part); Oregon Repertory Singers; chamber orchestra of trumpet, harp, and strings (Harrison); Gilbert Seeley, director 
650 0 0 |a Masses. 
700 1 |a Harrison, Lou,   |d 1917-2003,  |e cmp 
852 |a INST  |b SAMOS  |c AV  |e 20070708  |h 782.3232 PAR  |p 005300025826  |q 005300025826  |t CD  |y 23 
901 |a BIBL3-2006-1 
909 |a Σ  |b 045117 
922 |a 3ΕΛΗ  |b 199812  |c ΤΜΗΜΑ ΜΑΘΗΜΑΤΙΚΩΝ  |d ΛΕΣΧΗ ΔΙΣΚΟΥ 
970 |a ΒΛΑΧΟΥ  |b ΒΑΣΙΛΙΚΗ  |z 2007/07/08